Schaum's outline of theory and problems of differential equations (Record no. 9581)

000 -LEADER
fixed length control field 00549nam a22002057a 4500
001 - CONTROL NUMBER
control field 9581
003 - CONTROL NUMBER IDENTIFIER
control field BD-DhUET
008 - FIXED-LENGTH DATA ELEMENTS--GENERAL INFORMATION
fixed length control field 150131b xxu||||| |||| 00| 0 eng d
020 ## - INTERNATIONAL STANDARD BOOK NUMBER
International Standard Book Number 070026548
040 ## - CATALOGING SOURCE
Transcribing agency DLC
Modifying agency BD-DhUET
082 ## - DEWEY DECIMAL CLASSIFICATION NUMBER
Classification number 517.38
Item number AYR/1952
100 ## - MAIN ENTRY--PERSONAL NAME
Personal name Ayres, Frank
245 ## - TITLE STATEMENT
Title Schaum's outline of theory and problems of differential equations
250 ## - EDITION STATEMENT
Edition statement 2nd ed.
260 ## - PUBLICATION, DISTRIBUTION, ETC. (IMPRINT)
Place of publication, distribution, etc. New York
Name of publisher, distributor, etc. McGraw-Hill
Date of publication, distribution, etc. 1952
300 ## - PHYSICAL DESCRIPTION
Extent iv, 296 p.
490 ## - SERIES STATEMENT
Series statement Shaum's Outline Series
650 #0 - SUBJECT ADDED ENTRY--TOPICAL TERM
Topical term or geographic name as entry element Differential equation- Mathematics
942 ## - ADDED ENTRY ELEMENTS (KOHA)
Koha item type General Book
Holdings
Koha issues (times borrowed) Koha date last borrowed Copy number Price effective from Lost status Koha item type Date acquired Koha date last seen Damaged status Piece designation (barcode) Not for loan Sublocation or collection (holding branch) Koha normalized classification for sorting Source of classification or shelving scheme Koha full call number Location (home branch) Withdrawn status Shelving location
22016-04-2312015-01-31 General Book2015-01-312017-04-09 31528 Central Library, BUET517_200000000000000_AYR_1952 517.2/AYR/1952Central Library, BUET Circulation section
52023-06-2122015-01-31 General Book2015-01-312023-11-19 31529 Central Library, BUET517_200000000000000_AYR_1952 517.2/AYR/1952Central Library, BUET Circulation section
12015-02-2432015-02-24 General Book2015-02-242017-02-15 31517 Central Library, BUET517_200000000000000_AYR_1952 517.2/AYR/1952Central Library, BUET Circulation section
  42015-04-09 General Book2015-04-092015-04-09 8706 Central Library, BUET517_380000000000000_AYR_1952 517.38/AYR/1952Central Library, BUET Circulation section
  62015-04-09 General Book2015-04-092015-04-09 37566 Central Library, BUET517_380000000000000_AYR_1952 517.38/AYR/1952Central Library, BUET Circulation section
  72015-04-11 General Book2015-04-112015-04-11 31543 Central Library, BUET517_380000000000000_AYR_1952 517.38/AYR/1952Central Library, BUET Circulation section
  82015-04-11 General Book2015-04-112015-04-11 31547 Central Library, BUET517_380000000000000_AYR_1952 517.38/AYR/1952Central Library, BUET Circulation section
  92015-04-11 General Book2015-04-112015-04-11 31540 Central Library, BUET517_380000000000000_AYR_1952 517.38/AYR/1952Central Library, BUET Circulation section
  102015-07-09 Reading Item2015-07-092015-07-09 31511 Central Library, BUET517_380000000000000_AYR_1952 517.38/AYR/1952Central Library, BUET Reading section